000 00467pab a2200181 454500
008 180718b2007 xxu||||| |||| 00| 0 eng d
100 _aSivadasan, E.N.
245 _aPoverty eradication and social development: a human rights perspective
260 _c2007
300 _ap.385-95.
362 _aOct-Dec
650 _aHuman rights
650 _aEconomic and social development
650 _aPoverty
773 _aISDA Journal
908 _aN
909 _a78534
999 _c78534
_d78534